|
|
|
|
| LEADER |
00854nam a22001937a 4500 |
| 008 |
160606b xxu||||| |||| 00| 0 eng d |
| 082 |
|
|
|a 894.11
|b LEE
|
| 100 |
|
|
|a ലീലാവതി, എം.
|
| 240 |
|
|
|a Niranja kannu
|
| 245 |
|
|
|a നിറഞ്ഞ കണ്ണ് /
|c എം. ലീലാവതി
|
| 260 |
|
|
|a കോഴിക്കോട് :
|b ലിപി പബ്നിക്കേഷന്സ്,
|c 2003.
|
| 300 |
|
|
|a 64p.
|
| 650 |
|
|
|a Poem
|
| 650 |
|
|
|a കവിത
|
| 700 |
|
|
|a Leelavathy, M.
|
| 942 |
|
|
|2 ddc
|c BK
|
| 999 |
|
|
|c 15102
|d 15102
|
| 952 |
|
|
|0 0
|1 0
|2 ddc
|4 0
|6 894_110000000000000_LEE
|7 0
|9 21383
|a MAIN
|b MAIN
|d 2016-06-06
|e Lipi Books
|g 32.00
|o 894.11 LEE
|p 21503
|r 2016-06-06
|t 1
|w 2016-06-06
|y BK
|
| 952 |
|
|
|0 0
|1 0
|2 ddc
|4 0
|6 894_110000000000000_LEE
|7 0
|9 21392
|a MAIN
|b MAIN
|d 2016-06-06
|e Lipi Books
|g 32.00
|o 894.11 LEE
|p 21504
|r 2016-06-06
|t 2
|w 2016-06-06
|y BK
|